Trade and Technology in Soviet-Western Relations (Record no. 9093)
[ view plain ]
| 000 -LEADER | |
|---|---|
| fixed length control field | 00514nam a2200205uu 4500 |
| 001 - CONTROL NUMBER | |
| control field | WIIW0000188 |
| 003 - CONTROL NUMBER IDENTIFIER | |
| control field | OSt |
| 005 - DATE AND TIME OF LATEST TRANSACTION | |
| control field | 20250221142209.0 |
| 007 - PHYSICAL DESCRIPTION FIXED FIELD--GENERAL INFORMATION | |
| fixed length control field | tu |
| 008 - FIXED-LENGTH DATA ELEMENTS--GENERAL INFORMATION | |
| fixed length control field | 250221t2020 xxk||||| ||||||0| | eng d |
| 020 ## - INTERNATIONAL STANDARD BOOK NUMBER | |
| International Standard Book Number | 0-333-28056-3 |
| 040 ## - CATALOGING SOURCE | |
| Transcribing agency | OSt |
| 041 ## - LANGUAGE CODE | |
| Language code of text/sound track or separate title | eng |
| 100 ## - MAIN ENTRY--PERSONAL NAME | |
| Dates associated with a name | Hanson, Ph. |
| 245 00 - TITLE STATEMENT | |
| Title | Trade and Technology in Soviet-Western Relations |
| 260 ## - PUBLICATION, DISTRIBUTION, ETC. | |
| Place of publication, distribution, etc. | London and Basingstoke: |
| Name of publisher, distributor, etc. | MacMillan Press |
| Date of publication, distribution, etc. | 1981. |
| 300 ## - PHYSICAL DESCRIPTION | |
| Extent | 271 S. ; |
| Dimensions | 21,5 cm. |
| 650 ## - SUBJECT ADDED ENTRY--TOPICAL TERM | |
| Topical term or geographic name entry element | Soviet-Western Relations |
| 942 ## - ADDED ENTRY ELEMENTS (KOHA) | |
| Koha item type | Book |
| Source of classification or shelving scheme | Other/Generic Classification Scheme |
| Withdrawn status | Lost status | Source of classification or shelving scheme | Damaged status | Not for loan | Home library | Current library | Date acquired | Total Checkouts | Full call number | Date last seen | Price effective from | Koha item type |
|---|---|---|---|---|---|---|---|---|---|---|---|---|
| Other/Generic Classification Scheme | WIIW | WIIW | 02/21/2025 | 8002 | 02/21/2025 | 02/21/2025 | Book |
